[Event "Tatry op"]
[Site "Tatranske Zruby"]
[Date "2012.09.29"]
[Round "8"]
[White "Smehlik, Jaroslav"]
[Black "Siebenburger, Vlastimil"]
[Result "1/2-1/2"]
[WhiteElo "1924"]
[BlackElo "2113"]
[PlyCount "71"]
[EventDate "2012.09.23"]
[EventType "swiss"]
[EventRounds "9"]
[EventCountry "SVK"]
[SourceTitle "CBM 150 Extra"]
[Source "ChessBase"]
[SourceDate "2012.10.19"]
[SourceVersion "1"]
[SourceVersionDate "2012.10.19"]
[SourceQuality "1"]

1. d4 d5 2. c4 c6 3. e3 e6 4. a3 Nf6 5. Nf3 Nbd7 6. Nbd2 Bd6 7. Bd3 e5 8. dxe5 Nxe5 9. Nxe5 Bxe5 10. Nf3 Bc7 11. 0-0 0-0 12. h3 Re8 13. Qc2 Qd6 14. c5 Qe7 15. b4 Ne4 16. Bb2 Qe6 17. Kh1 Qh6 18. Ng1 f5 19. Rae1 Bd7 20. Bc1 Qg6 21. Nf3 Re7 22. a4 a6 23. Bb2 Rae8 24. Ra1 Qh6 25. Ng1 f4 26. exf4 Qxf4 27. g3 Qh6 28. Kg2 Rf7 29. Bd4 Nd2 30. Rfe1 Rxe1 31. Rxe1 Nf3 32. Nxf3 Qxh3+ 33. Kg1 Rxf3 34. Re7 Rf7 35. Rxf7 Kxf7 36. Bxh7 1/2-1/2

[Event "Tatry op"]
[Site "Tatranske Zruby"]
[Date "2012.09.26"]
[Round "5"]
[White "Butora, Frantisek"]
[Black "Smehlik, Jaroslav"]
[Result "0-1"]
[WhiteElo "1658"]
[BlackElo "1924"]
[PlyCount "80"]
[EventDate "2012.09.23"]
[EventType "swiss"]
[EventRounds "9"]
[EventCountry "SVK"]
[SourceTitle "EXT 2023"]
[Source "ChessBase"]
[SourceDate "2022.10.05"]
[SourceVersion "1"]
[SourceVersionDate "2022.10.05"]
[SourceQuality "1"]

1. e4 c5 2. c3 Nc6 3. Bb5 g6 4. Bxc6 bxc6 5. Nf3 Ba6 6. Na3 Bg7 7. c4 Nf6 8. Qc2 0-0 9. 0-0 Rb8 10. d3 Qb6 11. Rb1 d6 12. b3 Bc8 13. Bb2 e5 14. Qd2 Bd7 15. Ne1 Nh5 16. Bc3 Qd8 17. Nac2 Nf4 18. Ne3 Bh6 19. Kh1 Nh5 20. g3 Bh3 21. Rg1 Ng7 22. Qe2 Bd7 23. a3 a5 24. Ng4 Bg5 25. Ng2 Ne6 26. h4 Be7 27. Nh6+ Kg7 28. Bd2 Nd4 29. Qd1 Rb7 30. b4 cxb4 31. axb4 axb4 32. Ng4 Bxg4 33. Qxg4 c5 34. f4 f5 35. exf5 Nxf5 36. fxe5 dxe5 37. Rbd1 Rd7 38. h5 Rd4 39. Qh3 Rxd3 40. h6+ Kh8 0-1

[Event "Tatry op"]
[Site "Tatranske Zruby"]
[Date "2012.09.25"]
[Round "4"]
[White "Smehlik, Jaroslav"]
[Black "Kvassay, Peter"]
[Result "0-1"]
[WhiteElo "1924"]
[BlackElo "2028"]
[PlyCount "42"]
[EventDate "2012.09.23"]
[EventType "swiss"]
[EventRounds "9"]
[EventCountry "SVK"]
[SourceTitle "CBM 150 Extra"]
[Source "ChessBase"]
[SourceDate "2012.10.19"]
[SourceVersion "1"]
[SourceVersionDate "2012.10.19"]
[SourceQuality "1"]

1. d4 d5 2. c4 c6 3. e3 Nf6 4. Nf3 e6 5. a3 Nbd7 6. Nbd2 a6 7. b4 Bd6 8. Bb2 0-0 9. c5 Bc7 10. Bd3 Re8 11. Ne5 Nxe5 12. dxe5 Nd7 13. f4 Qh4+ 14. g3 Qh3 15. Bf1 Qh6 16. Nf3 f6 17. exf6 e5 18. Kf2 Nxf6 19. Bxe5 Ng4+ 20. Ke2 Bxe5 21. Nxe5 Rxe5 0-1

[Event "Tatry op"]
[Site "Tatranske Zruby"]
[Date "2011.10.01"]
[Round "8"]
[White "Frink, Ferenc"]
[Black "Smehlik, Jaroslav"]
[Result "1-0"]
[WhiteElo "2250"]
[BlackElo "1927"]
[PlyCount "71"]
[EventDate "2011.09.25"]
[EventType "swiss"]
[EventRounds "9"]
[EventCountry "SVK"]
[SourceTitle "CBM 144 Extra"]
[Source "ChessBase"]
[SourceDate "2011.10.28"]
[SourceVersion "1"]
[SourceVersionDate "2011.10.28"]
[SourceQuality "1"]

1. e4 c5 2. b4 cxb4 3. a3 Nc6 4. axb4 Nxb4 5. c3 Nc6 6. d4 g6 7. Bd3 Bg7 8. Ne2 d6 9. 0-0 Nf6 10. h3 0-0 11. Nd2 Qc7 12. f4 a6 13. Ra2 Bd7 14. Nf3 Na7 15. g4 Nxg4 16. hxg4 Bxg4 17. Qe1 Qd7 18. Qg3 Bh3 19. Rf2 Qg4 20. Rh2 Qxg3+ 21. Nxg3 Bg4 22. Kf2 Bxf3 23. Kxf3 e5 24. fxe5 dxe5 25. d5 Rad8 26. Be3 Nc8 27. c4 Rfe8 28. Rag2 f6 29. Rh1 Rd7 30. Ne2 Bf8 31. Rb1 Be7 32. Nc3 Rc7 33. Na4 Kf7 34. Rgb2 Nd6 35. c5 Nc8 36. Rxb7 1-0

[Event "Tatry op"]
[Site "Tatranske Zruby"]
[Date "2011.09.27"]
[Round "3"]
[White "Socha, Jaromir"]
[Black "Smehlik, Jaroslav"]
[Result "1/2-1/2"]
[WhiteElo "2010"]
[BlackElo "1927"]
[PlyCount "23"]
[EventDate "2011.09.25"]
[EventType "swiss"]
[EventRounds "9"]
[EventCountry "SVK"]
[SourceTitle "CBM 144 Extra"]
[Source "ChessBase"]
[SourceDate "2011.10.28"]
[SourceVersion "1"]
[SourceVersionDate "2011.10.28"]
[SourceQuality "1"]

1. Nf3 d5 2. d4 Nf6 3. e3 Bg4 4. Be2 e6 5. 0-0 Be7 6. b3 0-0 7. c4 c5 8. Nc3 Nc6 9. dxc5 dxc4 10. Bxc4 Bxc5 11. Bb2 a6 12. Qxd8 1/2-1/2

[Event "Tatry op"]
[Site "Tatranske Zruby"]
[Date "2010.10.04"]
[Round "3"]
[White "Vavra, Radim"]
[Black "Smehlik, Jaroslav"]
[Result "1/2-1/2"]
[WhiteElo "2064"]
[BlackElo "1948"]
[PlyCount "83"]
[EventDate "2010.10.02"]
[EventType "swiss"]
[EventRounds "9"]
[EventCountry "SVK"]
[SourceTitle "CBM 138 Extra"]
[Source "ChessBase"]
[SourceDate "2010.10.29"]
[SourceVersion "1"]
[SourceVersionDate "2010.10.29"]
[SourceQuality "1"]

1. e4 c5 2. d3 d6 3. g3 g6 4. Bg2 Bg7 5. f4 Nf6 6. Nf3 Nc6 7. 0-0 0-0 8. Nc3 a6 9. Be3 Ng4 10. Bc1 Bd7 11. h3 Nf6 12. Be3 b5 13. Qd2 b4 14. Ne2 a5 15. g4 Bxg4 16. hxg4 Nxg4 17. c3 bxc3 18. bxc3 Nxe3 19. Qxe3 Qd7 20. d4 cxd4 21. Nfxd4 Rab8 22. Rab1 Nxd4 23. cxd4 Qa4 24. Qd2 Rfc8 25. Rxb8 Rxb8 26. e5 h5 27. Bd5 Qa3 28. Rf3 Qa4 29. Bb3 Qb5 30. Nc3 Qa6 31. Qc2 e6 32. Qd3 Qc6 33. Qe4 Qa6 34. Qd3 Qc6 35. Kg2 Bf8 36. Qe4 d5 37. Qd3 Bb4 38. Ba4 Qc7 39. Bb3 Qe7 40. Ne2 Rc8 41. Qe3 Qd7 42. Rf1 1/2-1/2

[Event "Tatry op"]
[Site "Tatranske Zruby"]
[Date "2009.10.03"]
[Round "8"]
[White "Smehlik, Jaroslav"]
[Black "Behul, Bohus"]
[Result "1/2-1/2"]
[WhiteElo "1953"]
[BlackElo "2163"]
[PlyCount "83"]
[EventDate "2009.09.27"]
[EventType "swiss"]
[EventRounds "9"]
[EventCountry "SVK"]
[SourceTitle "EXT 2011"]
[Source "ChessBase"]
[SourceDate "2010.11.26"]
[SourceVersion "1"]
[SourceVersionDate "2010.11.26"]
[SourceQuality "1"]

1. d4 d5 2. c4 c6 3. Nc3 Nf6 4. Bf4 e6 5. a3 a5 6. e3 Nbd7 7. Nf3 Be7 8. h3 0-0 9. Bd3 dxc4 10. Bxc4 Nd5 11. Nxd5 exd5 12. Ba2 Nf6 13. 0-0 Ne4 14. Rc1 Kh8 15. Bb1 Qb6 16. Qe2 f6 17. Bd3 Qb3 18. Qc2 Qxc2 19. Rxc2 g5 20. Bh2 Bd7 21. Nd2 Nxd2 22. Rxd2 Rae8 23. Rc2 Kg7 24. Rc3 f5 25. Bc7 Bd8 26. Bxd8 Rxd8 27. Rcc1 f4 28. Rfe1 f3 29. Kh2 fxg2 30. Kxg2 Bf5 31. Bxf5 Rxf5 32. Rc2 Rd6 33. Kg3 Rdf6 34. Rf1 Re6 35. Re1 h5 36. f3 Kg6 37. Rce2 h4+ 38. Kg2 Ref6 39. Rf1 a4 40. Rc2 Re6 41. Re2 Rf7 42. Rc1 1/2-1/2

[Event "Tatry op"]
[Site "Tatranske Zruby"]
[Date "2009.09.28"]
[Round "2"]
[White "Smehlik, Jaroslav"]
[Black "Zbirka, Peter"]
[Result "1/2-1/2"]
[WhiteElo "1953"]
[BlackElo "2039"]
[PlyCount "47"]
[EventDate "2009.09.27"]
[EventType "swiss"]
[EventRounds "9"]
[EventCountry "SVK"]
[SourceTitle "EXT 2011"]
[Source "ChessBase"]
[SourceDate "2010.11.26"]
[SourceVersion "1"]
[SourceVersionDate "2010.11.26"]
[SourceQuality "1"]

1. d4 Nf6 2. c4 g6 3. Nc3 Bg7 4. e4 d6 5. Nf3 0-0 6. h3 e5 7. d5 Nh5 8. g4 Nf4 9. Be3 f5 10. gxf5 gxf5 11. Bxf4 exf4 12. Qc2 Na6 13. 0-0-0 Qf6 14. a3 Nc5 15. Nd4 Bd7 16. exf5 Bxf5 17. Nxf5 Qxf5 18. Qxf5 Rxf5 19. Kc2 Bxc3 20. bxc3 Re8 21. h4 Re4 22. Bd3 Nxd3 23. Kxd3 Rfe5 24. Rd2 1/2-1/2

[Event "Tatry op"]
[Site "Tatranske Zruby"]
[Date "2008.09.27"]
[Round "1"]
[White "Smehlik, Jaroslav"]
[Black "Mozny, Milos"]
[Result "0-1"]
[WhiteElo "1991"]
[BlackElo "2361"]
[PlyCount "62"]
[EventDate "2008.09.27"]
[EventType "swiss"]
[EventRounds "9"]
[EventCountry "SVK"]
[SourceTitle "CBM 126 Extra"]
[Source "ChessBase"]
[SourceDate "2008.11.05"]
[SourceVersion "1"]
[SourceVersionDate "2008.11.05"]
[SourceQuality "1"]

1. d4 d5 2. c4 e6 3. Nf3 c5 4. e3 Nc6 5. dxc5 Bxc5 6. a3 a5 7. Nc3 Nf6 8. Be2 0-0 9. 0-0 dxc4 10. Qxd8 Rxd8 11. Bxc4 Bd7 12. b3 h6 13. Bb2 Na7 14. h3 Nc8 15. Rad1 Nd6 16. Be2 b5 17. Ne5 Be8 18. Nd3 Bb6 19. Bf3 Rac8 20. e4 Bd4 21. e5 Bxc3 22. exd6 Rxd6 23. Bc1 e5 24. Be2 Bd4 25. Bd2 Rc2 26. Rfe1 e4 27. Nf4 Rxd2 28. Rxd2 Bxf2+ 29. Kxf2 Rxd2 30. Ke3 Rb2 31. Bd1 Ra2 0-1

[Event "Pracov op"]
[Site "Pracov"]
[Date "2004.??.??"]
[Round "5"]
[White "Smehlik, Jaroslav"]
[Black "Dolezel, Jaromir"]
[Result "1/2-1/2"]
[WhiteElo "1975"]
[BlackElo "2155"]
[PlyCount "35"]
[EventDate "2004.??.??"]
[EventType "swiss"]
[EventRounds "9"]
[EventCountry "CZE"]
[SourceTitle "EXT 2007"]
[Source "ChessBase"]
[SourceDate "2006.11.23"]
[SourceVersion "1"]
[SourceVersionDate "2006.11.23"]
[SourceQuality "1"]

1. d4 Nf6 2. c4 g6 3. Nc3 Bg7 4. e4 d6 5. f3 0-0 6. Be3 Nbd7 7. Bd3 c5 8. Nge2 cxd4 9. Nxd4 Ne5 10. Be2 a6 11. Qd2 Qc7 12. b3 Bd7 13. 0-0 Rfc8 14. Rac1 Qa5 15. Rc2 Nc6 16. Nxc6 Bxc6 17. Rfc1 Bd7 18. Nd5 1/2-1/2

[Event "Pracov op"]
[Site "Pracov"]
[Date "2004.??.??"]
[Round "3"]
[White "Smehlik, Jaroslav"]
[Black "Vratny, Radim"]
[Result "0-1"]
[WhiteElo "1975"]
[BlackElo "2240"]
[PlyCount "164"]
[EventDate "2004.??.??"]
[EventType "swiss"]
[EventRounds "9"]
[EventCountry "CZE"]
[SourceTitle "EXT 2007"]
[Source "ChessBase"]
[SourceDate "2006.11.23"]
[SourceVersion "1"]
[SourceVersionDate "2006.11.23"]
[SourceQuality "1"]

1. d4 d5 2. c4 e6 3. a3 Nf6 4. e3 Nbd7 5. Nf3 Be7 6. Nbd2 0-0 7. b3 c5 8. Bb2 b6 9. Be2 Bb7 10. 0-0 Rc8 11. Rc1 cxd4 12. Nxd4 Bd6 13. cxd5 Nxd5 14. Rxc8 Qxc8 15. Nb5 Bb8 16. Bd3 f5 17. Qh5 a6 18. Nd4 Ne5 19. Rc1 Qd7 20. Bb1 Nf6 21. Qe2 Qd6 22. f4 Ned7 23. b4 b5 24. N2f3 Bd5 25. Bd3 Ba7 26. Qc2 Nb6 27. Qc7 Bb8 28. Qxd6 Bxd6 29. h3 Nc4 30. Bxc4 Bxc4 31. Rd1 Ne4 32. Nd2 Nxd2 33. Rxd2 Bc7 34. Nc6 Rf7 35. Be5 Bd5 36. Bxc7 Rxc7 37. Nd4 Rc3 38. Nxf5 Kf7 39. Kf2 Kf6 40. g4 Rxa3 41. Nd6 Ke7 42. Nf5+ Kf6 43. Nd6 Rb3 44. Rd4 Ke7 45. Ne4 Bc4 46. Nc5 Rxb4 47. Nxa6 Rb2+ 48. Kf3 Bd5+ 49. e4 Rb3+ 50. Kg2 Bc6 51. Nb4 Bb7 52. h4 Re3 53. Kf2 Rxe4 54. Rxe4 Bxe4 55. Ke3 Bb1 56. Kd4 Kd6 57. Na6 Ba2 58. Nb4 Bc4 59. Nc2 Be2 60. g5 Bg4 61. Nb4 Bf5 62. Na6 Bg4 63. Nb4 Bf3 64. Na6 Bd5 65. Nb4 Bc4 66. Na6 Kc6 67. Nb4+ Kb6 68. Nc2 Ka5 69. Kc3 Ka4 70. Nb4 Ka3 71. Nc6 Bd5 72. Nb4 Bf3 73. Na6 Be2 74. Nb4 Bc4 75. Na6 Ka4 76. Nb4 Ka5 77. Nc2 Kb6 78. Kd4 Bb3 79. Nb4 h6 80. Nd3 Kc6 81. Nb4+ Kd6 82. Na6 Bd5 0-1

[Event "Olexa Memorial op-A"]
[Site "Brno"]
[Date "2003.??.??"]
[Round "6"]
[White "Berisha, Fadil"]
[Black "Smehlik, Jaroslav"]
[Result "1-0"]
[WhiteElo "2110"]
[BlackElo "2095"]
[PlyCount "105"]
[EventDate "2003.12.??"]
[EventType "swiss"]
[EventRounds "9"]
[EventCountry "CZE"]
[SourceTitle "EXT 2007"]
[Source "ChessBase"]
[SourceDate "2006.11.23"]
[SourceVersion "1"]
[SourceVersionDate "2006.11.23"]
[SourceQuality "1"]

1. e4 d6 2. d4 Nf6 3. Nc3 g6 4. f3 c6 5. Be3 Bg7 6. Qd2 0-0 7. 0-0-0 b5 8. Bh6 a5 9. h4 Nh5 10. Nge2 b4 11. Na4 Ba6 12. Bxg7 Kxg7 13. Rh3 Bb5 14. g4 Nf6 15. b3 Bxa4 16. bxa4 Na6 17. h5 Rh8 18. h6+ Kf8 19. Nf4 e6 20. Bc4 Ke7 21. g5 Nd7 22. d5 Nb6 23. Bxa6 Rxa6 24. Qd3 Ra8 25. dxe6 fxe6 26. Qb3 Qd7 27. Qb2 Rhf8 28. Nxg6+ hxg6 29. Qg7+ Rf7 30. Qxg6 Qd8 31. Qh5 Qh8 32. g6 Qa1+ 33. Kd2 Qc3+ 34. Ke2 Qxc2+ 35. Rd2 Qc4+ 36. Kf2 Rf6 37. g7 Qc3 38. Qg5 Nc4 39. Re2 Ne5 40. h7 Nf7 41. Qxf6+ Qxf6 42. g8Q Qd4+ 43. Kg2 Qd3 44. Rf2 Rf8 45. Qg7 Qc3 46. Qxc3 bxc3 47. Rc2 Rh8 48. f4 Kd7 49. Rcxc3 c5 50. Rcg3 Ke7 51. Rb3 Ra8 52. Rb7+ Kf6 53. Rxf7+ 1-0